[Event "7. Open C.A. Ciudad los Angeles 2012"]
[Site "Madrid ESP"]
[Date "2013.04.21"]
[Round "3.1"]
[White "Lopez Ziegler, Carlos"]
[Black "Ruiz Sanchez, Roberto"]
[Result "1/2-1/2"]
[WhiteElo "1913"]
[BlackElo "1981"]
[PlyCount "24"]
[EventDate "2013.04.07"]
[EventType "swiss"]
[EventRounds "9"]
[EventCountry "ESP"]
[SourceTitle "Ajedrez en Madrid"]
[Source "lmi"]
[SourceDate "2013.04.07"]
[SourceVersion "1"]
[SourceVersionDate "2013.08.06"]
[SourceQuality "1"]

1. e4 c6 2. d4 d5 3. exd5 cxd5 4. c4 Nf6 5. Nc3 e6 6. c5 b6 7. b4 Be7 8. Nf3
O-O 9. Qc2 Nc6 10. Rb1 bxc5 11. bxc5 e5 12. dxe5 Ng4 1/2-1/2

[Event "7. Open C.A. Ciudad los Angeles 2012"]
[Site "Madrid ESP"]
[Date "2013.04.21"]
[Round "3.2"]
[White "Rodriguez Vignote, Javier"]
[Black "Crespo Villalba, Israel"]
[Result "1-0"]
[WhiteElo "1975"]
[BlackElo "1921"]
[PlyCount "115"]
[EventDate "2013.04.07"]
[EventType "swiss"]
[EventRounds "9"]
[EventCountry "ESP"]
[SourceTitle "Ajedrez en Madrid"]
[Source "lmi"]
[SourceDate "2013.04.07"]
[SourceVersion "1"]
[SourceVersionDate "2013.08.06"]
[SourceQuality "1"]

1. d4 Nf6 2. c4 g6 3. Nc3 Bg7 4. e4 d6 5. f4 O-O 6. Nf3 Bg4 7. Be2 c5 8. d5 e6
9. O-O exd5 10. cxd5 Re8 11. h3 Bxf3 12. Bxf3 Nbd7 13. Re1 a6 14. a4 Rb8 15. a5
Qc7 16. Re2 c4 17. Be3 Nc5 18. Bxc5 Qxc5+ 19. Kh1 Nd7 20. Qe1 Qc7 21. Ra4 b6
22. axb6 Rxb6 23. Qa1 Reb8 24. Rc2 Bxc3 25. Rxc3 Rxb2 26. Kh2 Rb1 27. Qa3 R8b3
28. Qa2 Rxc3 29. Qxb1 Nc5 30. Ra2 a5 31. Qe1 Rb3 32. Rxa5 Nd3 33. Ra8+ Rb8 34.
Rxb8+ Qxb8 35. Qc3 Qb3 36. Qf6 c3 37. e5 dxe5 38. fxe5 Qb8 39. d6 Nxe5 40. Qxe5
c2 41. Qc5 c1=Q 42. Qxc1 Qxd6+ 43. Kh1 Qg3 44. Qc8+ Kg7 45. Qg4 Qe1+ 46. Kh2 h5
47. Qd4+ Kg8 48. Bd5 h4 49. Qf4 Qe7 50. Qe4 Qd6+ 51. Kh1 Qf6 52. Qf3 Qe7 53.
Qf2 Kg7 54. Kg1 Kg8 55. Kf1 Kg7 56. Qd4+ Kg8 57. Kf2 Qg5 58. Bf3 1-0

[Event "7. Open C.A. Ciudad los Angeles 2012"]
[Site "Madrid ESP"]
[Date "2013.04.21"]
[Round "3.4"]
[White "Rodriguez Dorado, Victor"]
[Black "Pindado Campos, Raul"]
[Result "1-0"]
[WhiteElo "1924"]
[BlackElo "1879"]
[PlyCount "73"]
[EventDate "2013.04.07"]
[EventType "swiss"]
[EventRounds "9"]
[EventCountry "ESP"]
[SourceTitle "Ajedrez en Madrid"]
[Source "lmi"]
[SourceDate "2013.04.07"]
[SourceVersion "1"]
[SourceVersionDate "2013.08.06"]
[SourceQuality "1"]

1. c4 Nf6 2. Nf3 b6 3. Nc3 Bb7 4. d4 e6 5. Bg5 Be7 6. e3 O-O 7. Bd3 d5 8. cxd5
Nxd5 9. Bxe7 Qxe7 10. Nxd5 Bxd5 11. O-O Nd7 12. Nd2 f5 13. Bc4 Rf6 14. Bxd5
exd5 15. Qf3 c6 16. Rfc1 Raf8 17. Rc2 Re6 18. Rac1 Rff6 19. g3 Qf7 20. b4 b5
21. a4 a6 22. axb5 axb5 23. Ra1 Nb6 24. Nb3 Na4 25. Nc5 Nxc5 26. Rxc5 Re8 27.
Rac1 Qd7 28. Qd1 Rh6 29. h4 Rg6 30. Ra1 Qe7 31. Qh5 Qe4 32. Ra7 f4 33. exf4
Qxd4 34. Kg2 Qxb4 35. Rxc6 Qe4+ 36. Kh2 Rxc6 37. Qf7+ 1-0

[Event "7. Open C.A. Ciudad los Angeles 2012"]
[Site "Madrid ESP"]
[Date "2013.04.21"]
[Round "3.5"]
[White "Tirado Parra, Alberto"]
[Black "Lobato Rivero, Carlos"]
[Result "0-1"]
[WhiteElo "1896"]
[BlackElo "1964"]
[PlyCount "72"]
[EventDate "2013.04.07"]
[EventType "swiss"]
[EventRounds "9"]
[EventCountry "ESP"]
[SourceTitle "Ajedrez en Madrid"]
[Source "lmi"]
[SourceDate "2013.04.07"]
[SourceVersion "1"]
[SourceVersionDate "2013.08.06"]
[SourceQuality "1"]

1. e4 g6 2. d4 Bg7 3. Nf3 d6 4. Nc3 Nd7 5. Be3 e5 6. Bc4 Ngf6 7. h3 O-O 8. Qd2
c6 9. a4 Nxe4 10. Nxe4 d5 11. O-O-O dxe4 12. dxe5 exf3 13. e6 Qf6 14. Bd4 Qxd4
15. Qxd4 Bxd4 16. exd7 Bxd7 17. Rxd4 fxg2 18. Rg1 Bxh3 19. Rh4 Be6 20. Bxe6
fxe6 21. Rxg2 e5 22. Rgh2 h5 23. Rg2 Kh7 24. Rg5 Rf4 25. Rh3 Re8 26. Rd3 Kh6
27. Rgg3 Rxa4 28. Rd7 Rf8 29. Rxb7 Rxf2 30. b3 Rg4 31. Rc3 h4 32. Rxa7 Rg3 33.
Rxc6 h3 34. Rc8 h2 35. Rh8+ Kg5 36. Rah7 Rgg2 0-1

[Event "7. Open C.A. Ciudad los Angeles 2012"]
[Site "Madrid ESP"]
[Date "2013.04.21"]
[Round "3.6"]
[White "Gines Sanchez, Javier"]
[Black "Garcia De Quesada Y Fort, Ignacio"]
[Result "0-1"]
[WhiteElo "1549"]
[BlackElo "1926"]
[PlyCount "50"]
[EventDate "2013.04.07"]
[EventType "swiss"]
[EventRounds "9"]
[EventCountry "ESP"]
[SourceTitle "Ajedrez en Madrid"]
[Source "lmi"]
[SourceDate "2013.04.07"]
[SourceVersion "1"]
[SourceVersionDate "2013.08.06"]
[SourceQuality "1"]

1. e4 c5 2. Nc3 Nc6 3. Bc4 e6 4. a3 Nf6 5. d3 d5 6. exd5 exd5 7. Ba2 Be6 8. Bg5
Be7 9. Qd2 O-O 10. Nge2 h6 11. Bxf6 Bxf6 12. Nf4 Bg5 13. h4 Bxf4 14. Qxf4 d4
15. Ne4 Bxa2 16. Rxa2 Qa5+ 17. Qd2 Qb6 18. g4 Ne5 19. Qf4 Qe6 20. Ra1 f5 21.
gxf5 Rxf5 22. Qg3 Raf8 23. Kf1 Rf3 24. Qg2 Ng4 25. Rg1 Ne3+ 0-1

[Event "7. Open C.A. Ciudad los Angeles 2012"]
[Site "Madrid ESP"]
[Date "2013.04.21"]
[Round "3.7"]
[White "Largo Barbero, Benito"]
[Black "Bellod Thomas, Gonzalo"]
[Result "1-0"]
[WhiteElo "1879"]
[BlackElo "1715"]
[PlyCount "73"]
[EventDate "2013.04.07"]
[EventType "swiss"]
[EventRounds "9"]
[EventCountry "ESP"]
[SourceTitle "Ajedrez en Madrid"]
[Source "lmi"]
[SourceDate "2013.04.07"]
[SourceVersion "1"]
[SourceVersionDate "2013.08.06"]
[SourceQuality "1"]

1. e4 e6 2. d4 d5 3. Nc3 Bb4 4. e5 c5 5. Qg4 Ne7 6. dxc5 Bxc3+ 7. bxc3 Qc7 8.
Nf3 Qxc5 9. Bd2 Ng6 10. Rb1 Nc6 11. h4 Rg8 12. Qg3 Qa5 13. Bd3 Qxa2 14. O-O Qa5
15. h5 Nge7 16. Bxh7 Rf8 17. Qxg7 Nf5 18. Bxf5 exf5 19. h6 Ne7 20. h7 Ng6 21.
Nh4 Nh8 22. Bh6 Qc5 23. Rfd1 Be6 24. Qxf8+ Qxf8 25. Bxf8 Kxf8 26. Rxb7 Kg7 27.
Nf3 a5 28. Nd4 Bc8 29. Rc7 Kg6 30. Nb5 Be6 31. Nd4 Bc8 32. Nc6 Be6 33. Ne7+ Kg5
34. g3 a4 35. f4+ Kg4 36. Kg2 a3 37. Rh1 1-0

[Event "7. Open C.A. Ciudad los Angeles 2012"]
[Site "Madrid ESP"]
[Date "2013.04.21"]
[Round "3.9"]
[White "Al-Zarif Zabala, Bassam"]
[Black "Vazquez Moreno, Luis"]
[Result "0-1"]
[WhiteElo "1797"]
[BlackElo "1729"]
[PlyCount "75"]
[EventDate "2013.04.07"]
[EventType "swiss"]
[EventRounds "9"]
[EventCountry "ESP"]
[SourceTitle "Ajedrez en Madrid"]
[Source "lmi"]
[SourceDate "2013.04.07"]
[SourceVersion "1"]
[SourceVersionDate "2013.08.06"]
[SourceQuality "1"]

1. e4 c5 2. Nf3 Nc6 3. Bb5 g6 4. O-O Bg7 5. c3 Nf6 6. Re1 O-O 7. d4 cxd4 8.
cxd4 a6 9. Bxc6 dxc6 10. h3 Nd7 11. e5 Qc7 12. Bf4 Rd8 13. Nc3 Nc5 14. Qe2 Ne6
15. Bg3 Qb6 16. Rad1 Nxd4 17. Nxd4 Rxd4 18. Rxd4 Qxd4 19. Rd1 Qb6 20. Na4 Qa5
21. Nc3 Be6 22. a3 Rd8 23. f4 Rxd1+ 24. Nxd1 Qc5+ 25. Bf2 Qc4 26. Qd2 Qd5 27.
Qe2 Bh6 28. Be3 Qc4 29. Qf2 f6 30. exf6 exf6 31. f5 Bxe3 32. Nxe3 Qc1+ 33. Kh2
Bxf5 34. Nxf5 gxf5 35. Qxf5 Qxb2 36. Qe6+ Kf8 37. Qd6+ Kf7 38. h4 0-1

[Event "7. Open C.A. Ciudad los Angeles 2012"]
[Site "Madrid ESP"]
[Date "2013.04.21"]
[Round "3.10"]
[White "Leniz Martinez, Francisco"]
[Black "Martin Garcia, Francisco J"]
[Result "0-1"]
[WhiteElo "1771"]
[BlackElo "1698"]
[PlyCount "72"]
[EventDate "2013.04.07"]
[EventType "swiss"]
[EventRounds "9"]
[EventCountry "ESP"]
[SourceTitle "Ajedrez en Madrid"]
[Source "lmi"]
[SourceDate "2013.04.07"]
[SourceVersion "1"]
[SourceVersionDate "2013.08.06"]
[SourceQuality "1"]

1. c4 Nf6 2. Nf3 g6 3. g3 Bg7 4. Bg2 O-O 5. O-O d5 6. cxd5 Nxd5 7. Nc3 Nb6 8.
d4 c6 9. Bf4 Na6 10. Rc1 Nb4 11. e4 Bg4 12. a3 Na6 13. Ne2 Be6 14. Ne5 Bxe5 15.
dxe5 Qxd1 16. Rfxd1 Rfd8 17. Nd4 Nc7 18. Bf1 Rac8 19. Be3 Nb5 20. Nxe6 fxe6 21.
Bc5 Kf7 22. Kg2 Na4 23. Rxd8 Rxd8 24. Bxb5 cxb5 25. Rc2 Rc8 26. b4 b6 27. Rd2
bxc5 28. bxc5 Rxc5 29. Rd7 a6 30. Ra7 Rc6 31. Kh3 Nc3 32. f3 Nb1 33. Kg4 Nxa3
34. Kg5 Nc4 35. f4 Nd2 36. Kh6 Nxe4 0-1

[Event "7. Open C.A. Ciudad los Angeles 2012"]
[Site "Madrid ESP"]
[Date "2013.04.21"]
[Round "3.12"]
[White "Rodriguez Lopez-Cañizares, Francisco"]
[Black "Magan Gonzalez, Alberto"]
[Result "0-1"]
[WhiteElo "1668"]
[BlackElo "1855"]
[PlyCount "86"]
[EventDate "2013.04.07"]
[EventType "swiss"]
[EventRounds "9"]
[EventCountry "ESP"]
[SourceTitle "Ajedrez en Madrid"]
[Source "lmi"]
[SourceDate "2013.04.07"]
[SourceVersion "1"]
[SourceVersionDate "2013.08.06"]
[SourceQuality "1"]

1. e4 c5 2. Nc3 d6 3. f4 Nc6 4. Nf3 g6 5. Bb5 Bd7 6. O-O Bg7 7. Bc4 e6 8. Re1
Nge7 9. e5 d5 10. Nb5 dxc4 11. Nd6+ Kf8 12. Ng5 Be8 13. Nxc4 Qd4+ 14. Ne3 Nf5
15. Qf3 Qd7 16. c3 h5 17. Ne4 b6 18. Nxf5 gxf5 19. Nd6 Rd8 20. b3 Ne7 21. Bb2
Qc6 22. Qg3 Rg8 23. Qh3 Ng6 24. Rf1 Bh6 25. Qxh5 Bxf4 26. g3 Bxe5 27. Nc4 Bf6
28. Rf2 Rh8 29. Qe2 Qd5 30. Ne3 Qe4 31. Rd1 Bc6 32. Ng2 Qxe2 33. Rxe2 Bf3 34.
Ree1 Bxd1 35. Rxd1 Ne5 36. d4 cxd4 37. cxd4 Nf3+ 38. Kf2 Nxd4 39. Nh4 Kg7 40.
Nf3 Nxf3 41. Bxf6+ Kxf6 42. Rxd8 Rxd8 43. Kxf3 Rd2 0-1

[Event "7. Open C.A. Ciudad los Angeles 2012"]
[Site "Madrid ESP"]
[Date "2013.04.21"]
[Round "3.13"]
[White "Sorribes Calle, Pablo"]
[Black "Sebastian Enesco, Alex"]
[Result "1-0"]
[WhiteElo "1663"]
[BlackElo "1795"]
[PlyCount "99"]
[EventDate "2013.04.07"]
[EventType "swiss"]
[EventRounds "9"]
[EventCountry "ESP"]
[SourceTitle "Ajedrez en Madrid"]
[Source "lmi"]
[SourceDate "2013.04.07"]
[SourceVersion "1"]
[SourceVersionDate "2013.08.06"]
[SourceQuality "1"]

1. d4 e5 2. dxe5 Nc6 3. Nf3 Qe7 4. Bd2 Nxe5 5. Nxe5 Qxe5 6. Bc3 Qg5 7. g3 d5 8.
Bg2 c6 9. O-O Nh6 10. Nd2 Ng4 11. Nf3 Qh5 12. b4 Bf5 13. h3 Nh6 14. g4 Bxg4 15.
hxg4 Nxg4 16. e4 O-O-O 17. e5 Re8 18. Qd4 Kb8 19. Qf4 Be7 20. Rfe1 Ka8 21. Rad1
Bd8 22. b5 Re6 23. bxc6 Rxc6 24. Bd4 Re8 25. Nh2 Rg6 26. Kh1 Ba5 27. c3 Rh6 28.
Rd3 Qxh2+ 29. Qxh2 Nxh2 30. Kg1 Ree6 31. Bh3 Ng4 32. Bxg4 Re8 33. Kf1 Bc7 34.
Bf3 Rd8 35. Rb1 Kb8 36. Rb5 b6 37. Rxd5 Re8 38. Re3 g5 39. Bg4 Rh1+ 40. Kg2 Ra1
41. Re2 h5 42. Bxh5 Rh8 43. Bxf7 Rd1 44. Be6 Rdh1 45. Rd7 R1h2+ 46. Kg3 Rh1 47.
f3 Bd8 48. Bg4 Re8 49. Rh2 Re1 50. Rhh7 1-0

[Event "7. Open C.A. Ciudad los Angeles 2012"]
[Site "Madrid ESP"]
[Date "2013.04.21"]
[Round "3.14"]
[White "Melcon Diez, Enrique"]
[Black "Maseda Iglesias, Luis"]
[Result "0-1"]
[WhiteElo "1641"]
[BlackElo "1766"]
[PlyCount "60"]
[EventDate "2013.04.07"]
[EventType "swiss"]
[EventRounds "9"]
[EventCountry "ESP"]
[SourceTitle "Ajedrez en Madrid"]
[Source "lmi"]
[SourceDate "2013.04.07"]
[SourceVersion "1"]
[SourceVersionDate "2013.08.06"]
[SourceQuality "1"]

1. c4 c5 2. Nc3 Nc6 3. Nf3 g6 4. e3 Bg7 5. d4 cxd4 6. exd4 e6 7. d5 Ne5 8. Nxe5
Bxe5 9. dxe6 dxe6 10. Qxd8+ Kxd8 11. Bg5+ f6 12. O-O-O+ Ke8 13. Bd2 Bd7 14. f4
Bc7 15. Be2 Bc6 16. Bf3 Bxf3 17. gxf3 a6 18. Rhe1 Kf7 19. Ne4 b6 20. Be3 Rc8
21. Kc2 Ne7 22. Rd7 Rhd8 23. Red1 Rxd7 24. Rxd7 h6 25. b3 f5 26. Nd6+ Bxd6 27.
Rxd6 b5 28. c5 Nd5 29. Bd4 Ke7 30. Rxa6 Nb4+ 0-1

[Event "7. Open C.A. Ciudad los Angeles 2012"]
[Site "Madrid ESP"]
[Date "2013.04.21"]
[Round "3.16"]
[White "Ramos Antona, Enrique"]
[Black "Sotres Menendez, Raul"]
[Result "0-1"]
[WhiteElo "1752"]
[BlackElo "1606"]
[PlyCount "81"]
[EventDate "2013.04.07"]
[EventType "swiss"]
[EventRounds "9"]
[EventCountry "ESP"]
[SourceTitle "Ajedrez en Madrid"]
[Source "lmi"]
[SourceDate "2013.04.07"]
[SourceVersion "1"]
[SourceVersionDate "2013.08.06"]
[SourceQuality "1"]

1. Nf3 Nf6 2. b3 e6 3. Bb2 d5 4. e3 c5 5. g3 Nc6 6. Bg2 Be7 7. O-O O-O 8. c4
Qc7 9. Nc3 a6 10. Qe2 Rd8 11. d4 dxc4 12. bxc4 cxd4 13. Nxd4 Nxd4 14. exd4 Rxd4
15. Rac1 Qxc4 16. Qxc4 Rxc4 17. Nd5 exd5 18. Bxf6 Bxf6 19. Bxd5 Rxc1 20. Rxc1
Rb8 21. Rc7 Be6 22. Bxb7 Bxa2 23. Bxa6 Bd5 24. Bf1 g6 25. Rc5 Bf3 26. Rc1 Rd8
27. h3 h5 28. Rb1 Rd1 29. Rxd1 Bxd1 30. Kg2 h4 31. gxh4 Bxh4 32. f3 Kg7 33. Ba6
Bb3 34. Bb7 Kf6 35. Bc8 Ke5 36. Ba6 Kf4 37. Bb7 Ke5 38. Ba8 Bd5 39. Bxd5 Kxd5
40. Kf1 Ke5 41. Ke2 0-1

[Event "7. Open C.A. Ciudad los Angeles 2012"]
[Site "Madrid ESP"]
[Date "2013.04.21"]
[Round "3.18"]
[White "Yeves Miquel, Enrique"]
[Black "Soto Martin, Miguel"]
[Result "0-1"]
[WhiteElo "1737"]
[BlackElo "1524"]
[PlyCount "70"]
[EventDate "2013.04.07"]
[EventType "swiss"]
[EventRounds "9"]
[EventCountry "ESP"]
[SourceTitle "Ajedrez en Madrid"]
[Source "lmi"]
[SourceDate "2013.04.07"]
[SourceVersion "1"]
[SourceVersionDate "2013.08.06"]
[SourceQuality "1"]

1. d4 Nf6 2. c4 g6 3. Nc3 Bg7 4. e4 d6 5. Nf3 O-O 6. Be2 e5 7. O-O Nc6 8. d5
Ne7 9. b4 Nd7 10. Nd2 f5 11. f3 Bh6 12. Nb3 f4 13. c5 g5 14. a4 Rf7 15. Kh1 Bf8
16. Ba3 Rg7 17. cxd6 cxd6 18. b5 Nf6 19. Nd2 Ng6 20. Nc4 h5 21. Rg1 g4 22. g3
Qc7 23. Qb3 fxg3 24. Rxg3 Nf4 25. Nd2 h4 26. Rgg1 g3 27. Bf1 Bh3 28. Bxh3 Nxh3
29. Ne2 Nxg1 30. Rxg1 Qd7 31. Rg2 Nh5 32. hxg3 hxg3 33. Kg1 Qh3 34. Nf1 Nf4 35.
Nxf4 exf4 0-1

[Event "7. Open C.A. Ciudad los Angeles 2012"]
[Site "Madrid ESP"]
[Date "2013.04.21"]
[Round "3.19"]
[White "Juarez De Vena, Antonio"]
[Black "Savchuk, Olga"]
[Result "0-1"]
[WhiteElo "1697"]
[BlackElo "1514"]
[PlyCount "66"]
[EventDate "2013.04.07"]
[EventType "swiss"]
[EventRounds "9"]
[EventCountry "ESP"]
[SourceTitle "Ajedrez en Madrid"]
[Source "lmi"]
[SourceDate "2013.04.07"]
[SourceVersion "1"]
[SourceVersionDate "2013.08.06"]
[SourceQuality "1"]

1. d4 Nf6 2. c4 e6 3. Nf3 d5 4. Nc3 Bb4 5. Bg5 Bxc3+ 6. bxc3 O-O 7. e3 b6 8.
cxd5 exd5 9. h3 Bb7 10. Bd3 h6 11. Bh4 Qd6 12. Bg3 Qe7 13. O-O c5 14. c4 Nbd7
15. Ne5 Rac8 16. Rc1 Ne4 17. Bf4 Ndf6 18. a4 Ng5 19. Be2 Ne6 20. Bh2 Rfd8 21.
dxc5 bxc5 22. Qb3 Ne4 23. Rfd1 d4 24. Bf3 Ba8 25. Qa3 Qh4 26. Qa2 Nc3 27. Rxc3
dxc3 28. Qc2 Bxf3 29. Nxf3 Qxc4 30. Be5 Rxd1+ 31. Qxd1 c2 32. Qc1 Rd8 33. Nd2
Rxd2 0-1

[Event "7. Open C.A. Ciudad los Angeles 2012"]
[Site "Madrid ESP"]
[Date "2013.04.21"]
[Round "3.27"]
[White "Caño Nieto, Jose Luis"]
[Black "Pablos Ceruelo, Oscar"]
[Result "1-0"]
[WhiteElo "1587"]
[BlackElo "1390"]
[PlyCount "81"]
[EventDate "2013.04.07"]
[EventType "swiss"]
[EventRounds "9"]
[EventCountry "ESP"]
[SourceTitle "Ajedrez en Madrid"]
[Source "lmi"]
[SourceDate "2013.04.07"]
[SourceVersion "1"]
[SourceVersionDate "2013.08.06"]
[SourceQuality "1"]

1. d4 d5 2. Bf4 Nf6 3. e3 Nc6 4. Nf3 Ne4 5. Be2 Bf5 6. a3 e6 7. O-O h6 8. Nbd2
g5 9. Bg3 h5 10. h3 Nxg3 11. fxg3 Bd6 12. Ne5 Nxe5 13. dxe5 Bxe5 14. Bxh5 Bxg3
15. Bg4 Bg6 16. Qf3 Bd6 17. Qd1 f5 18. Be2 g4 19. Bxg4 fxg4 20. Qxg4 Bf5 21.
Qg7 Qh4 22. Nf3 Qh7 23. Qxh7 Rxh7 24. c3 O-O-O 25. g4 Rg8 26. Kf2 Be4 27. Ng1
Bh2 28. Nf3 Bxf3 29. Kxf3 Rxh3+ 30. Kg2 Rg3+ 31. Kxh2 R3xg4 32. Rf3 Rg2+ 33.
Kh1 Rxb2 34. Raf1 Rgg2 35. Rh3 Rgc2 36. Rh7 b6 37. Ra1 Rxc3 38. a4 Rxe3 39. Rc1
c5 40. Rf1 Ra2 41. Rf8# 1-0

[Event "7. Open C.A. Ciudad los Angeles 2012"]
[Site "Madrid ESP"]
[Date "2013.04.21"]
[Round "3.28"]
[White "Martin Rodriguez, Jose Luis"]
[Black "Cortijo Manso, Luis"]
[Result "0-1"]
[WhiteElo "1434"]
[BlackElo "1520"]
[PlyCount "50"]
[EventDate "2013.04.07"]
[EventType "swiss"]
[EventRounds "9"]
[EventCountry "ESP"]
[SourceTitle "Ajedrez en Madrid"]
[Source "lmi"]
[SourceDate "2013.04.07"]
[SourceVersion "1"]
[SourceVersionDate "2013.08.06"]
[SourceQuality "1"]

1. e4 c5 2. Nf3 d6 3. d4 cxd4 4. Nxd4 Nf6 5. Nc3 a6 6. Bg5 e5 7. Nf5 Bxf5 8.
exf5 Be7 9. Bxf6 Bxf6 10. Qd5 Nc6 11. O-O-O O-O 12. Qxd6 Qb6 13. Ne4 Be7 14.
Qd2 Rfd8 15. Qc3 Rxd1+ 16. Kxd1 Bb4 17. Qg3 Qd4+ 18. Bd3 Qxb2 19. f6 g6 20. Qg5
Qb1+ 21. Qc1 Qxa2 22. Qh6 Bf8 23. Qc1 Rd8 24. Ke2 Nd4+ 25. Ke3 Bh6+ 0-1

[Event "7. Open C.A. Ciudad los Angeles 2012"]
[Site "Madrid ESP"]
[Date "2013.04.28"]
[Round "4.1"]
[White "Rodriguez Dorado, Victor"]
[Black "Rodriguez Vignote, Javier"]
[Result "1/2-1/2"]
[WhiteElo "1924"]
[BlackElo "1975"]
[PlyCount "79"]
[EventDate "2013.04.07"]
[EventType "swiss"]
[EventRounds "9"]
[EventCountry "ESP"]
[SourceTitle "Ajedrez en Madrid"]
[Source "lmi"]
[SourceDate "2013.04.07"]
[SourceVersion "1"]
[SourceVersionDate "2013.08.06"]
[SourceQuality "1"]

1. c4 c5 2. Nf3 Nc6 3. d4 cxd4 4. Nxd4 g6 5. e4 Bg7 6. Be3 Nf6 7. f3 O-O 8. Nc3
d6 9. Be2 Bd7 10. O-O Nxd4 11. Bxd4 Bc6 12. Rc1 a5 13. Nd5 Bxd5 14. cxd5 Nd7
15. Bxg7 Kxg7 16. Qd4+ f6 17. f4 Rc8 18. Bg4 Rxc1 19. Rxc1 Nc5 20. Rc3 h5 21.
Bh3 b5 22. e5 Qb6 23. Re3 Na4 24. Qxb6 Nxb6 25. exf6+ exf6 26. Be6 Nc4 27. Re2
a4 28. Bd7 Rb8 29. g3 Kf8 30. Kf2 Kf7 31. Ke1 g5 32. f5 Ne5 33. Be6+ Ke7 34.
Kd2 Rb7 35. Kc3 b4+ 36. Kd2 Rc7 37. h3 b3 38. axb3 axb3 39. Kd1 Ra7 40. Re3
1/2-1/2

[Event "7. Open C.A. Ciudad los Angeles 2012"]
[Site "Madrid ESP"]
[Date "2013.04.28"]
[Round "4.2"]
[White "Ruiz Sanchez, Roberto"]
[Black "Marcos Herrero, Francisco"]
[Result "1/2-1/2"]
[WhiteElo "1981"]
[BlackElo "1912"]
[PlyCount "33"]
[EventDate "2013.04.07"]
[EventType "swiss"]
[EventRounds "9"]
[EventCountry "ESP"]
[SourceTitle "Ajedrez en Madrid"]
[Source "lmi"]
[SourceDate "2013.04.07"]
[SourceVersion "1"]
[SourceVersionDate "2013.08.06"]
[SourceQuality "1"]

1. e4 c5 2. Nf3 d6 3. c4 e5 4. Nc3 Nf6 5. d3 Nc6 6. g3 Be7 7. Bg2 Bg4 8. h3 Bd7
9. O-O O-O 10. Kh2 Rb8 11. Ne1 Ne8 12. Nc2 Nc7 13. Nd5 Ne6 14. b3 Ned4 15. Nxd4
Nxd4 16. Be3 b5 17. f4 1/2-1/2

[Event "7. Open C.A. Ciudad los Angeles 2012"]
[Site "Madrid ESP"]
[Date "2013.04.28"]
[Round "4.3"]
[White "Lobato Rivero, Carlos"]
[Black "Perez Alvarez, Javier"]
[Result "1/2-1/2"]
[WhiteElo "1964"]
[BlackElo "1818"]
[PlyCount "59"]
[EventDate "2013.04.07"]
[EventType "swiss"]
[EventRounds "9"]
[EventCountry "ESP"]
[SourceTitle "Ajedrez en Madrid"]
[Source "lmi"]
[SourceDate "2013.04.07"]
[SourceVersion "1"]
[SourceVersionDate "2013.08.06"]
[SourceQuality "1"]

1. e4 e6 2. d4 d5 3. e5 b6 4. Bd3 Ba6 5. c3 Bxd3 6. Qxd3 c5 7. Ne2 Nc6 8. a3 c4
9. Qg3 h6 10. Be3 Nge7 11. Nd2 Na5 12. Qh3 Nf5 13. Nf4 g6 14. g4 Ng7 15. Qg2
Be7 16. Ne2 Qd7 17. Ng3 O-O-O 18. Qf3 Rdf8 19. Qd1 h5 20. g5 Kb7 21. h4 Rc8 22.
O-O Rc6 23. Qa4 Rc7 24. Qc2 Rhc8 25. Rfb1 Ka8 26. Kg2 Rc6 27. Kh3 R6c7 28. Ne2
Nf5 29. b4 cxb3 30. Nxb3 1/2-1/2

[Event "7. Open C.A. Ciudad los Angeles 2012"]
[Site "Madrid ESP"]
[Date "2013.04.28"]
[Round "4.4"]
[White "Vazquez Moreno, Luis"]
[Black "Lopez Ziegler, Carlos"]
[Result "0-1"]
[WhiteElo "1729"]
[BlackElo "1913"]
[PlyCount "76"]
[EventDate "2013.04.07"]
[EventType "swiss"]
[EventRounds "9"]
[EventCountry "ESP"]
[SourceTitle "Ajedrez en Madrid"]
[Source "lmi"]
[SourceDate "2013.04.07"]
[SourceVersion "1"]
[SourceVersionDate "2013.08.06"]
[SourceQuality "1"]

1. d4 d5 2. c4 c6 3. Nc3 Nf6 4. Nf3 e6 5. Bg5 h6 6. Bh4 g5 7. Bg3 dxc4 8. e4 b5
9. e5 Nd5 10. Ne4 Bb4+ 11. Nfd2 h5 12. h4 g4 13. a3 Be7 14. f3 Ne3 15. Qc1 Nf5
16. Bf2 Nxd4 17. fxg4 hxg4 18. Bxc4 bxc4 19. Nxc4 Nf5 20. Qf4 Ba6 21. Rd1 Nd7
22. Bc5 Bxh4+ 23. g3 Bxg3+ 24. Nxg3 Rxh1+ 25. Nxh1 Qh4+ 26. Nf2 Nxc5 27. Nd6+
Nxd6 28. exd6 Nd3+ 29. Rxd3 Bxd3 30. Qd4 Bf5 31. Kd2 Rd8 32. Qc5 Qh2 33. Qxa7
Qxd6+ 34. Kc3 g3 35. Qe3 gxf2 36. Qxf2 Qd3+ 37. Kb4 Rb8+ 38. Kc5 Qd5# 0-1

[Event "7. Open C.A. Ciudad los Angeles 2012"]
[Site "Madrid ESP"]
[Date "2013.04.28"]
[Round "4.7"]
[White "Crespo Villalba, Israel"]
[Black "Benitez Cadenas, Luis Miguel"]
[Result "1/2-1/2"]
[WhiteElo "1921"]
[BlackElo "1698"]
[PlyCount "94"]
[EventDate "2013.04.07"]
[EventType "swiss"]
[EventRounds "9"]
[EventCountry "ESP"]
[SourceTitle "Ajedrez en Madrid"]
[Source "lmi"]
[SourceDate "2013.04.07"]
[SourceVersion "1"]
[SourceVersionDate "2013.08.06"]
[SourceQuality "1"]

1. d4 d5 2. Nf3 Nf6 3. g3 b6 4. Bg2 Bb7 5. O-O Nbd7 6. c4 e6 7. cxd5 exd5 8.
Nc3 Be7 9. Ne5 O-O 10. Qb3 c6 11. e4 dxe4 12. Nxe4 Nxe5 13. dxe5 Nxe4 14. Bxe4
Qd4 15. Qc2 Qxe5 16. Bxh7+ Kh8 17. Bf4 Qc5 18. Qxc5 Bxc5 19. Be4 Bd4 20. Rab1
Rfe8 21. Bf3 Re7 22. Rfd1 c5 23. Bxb7 Rxb7 24. b4 Re8 25. bxc5 Bxc5 26. Rd5
Rbe7 27. Rb2 Re1+ 28. Kg2 R8e2 29. Rbd2 Rxd2 30. Rxd2 Re4 31. Kf3 Ra4 32. Be3
Ra3 33. Ke4 Bxe3 34. fxe3 g6 35. g4 b5 36. g5 b4 37. Kd4 b3 38. axb3 Rxb3 39.
Ra2 Rb7 40. Ra3 Kg7 41. e4 Rb2 42. Rxa7 Rxh2 43. e5 Rh4+ 44. Ke3 Rh3+ 45. Kf4
Rh4+ 46. Kf3 Rh3+ 47. Kf4 Rh4+ 1/2-1/2